Представление документа в формате RUSMARC

ПолеНазваниеЗначение
  Тип записи a
  Библиографический уровень a
001 Контрольный номер RU/CBS_UL/BASE/3ca11aac639e4d39a8df998f8f09d628
005 Дата корректировки 20260314125022.2
100 Данные общей обработки __
a Данные общей обработки 20260314 ||| 0rusy0189 ca
101 Язык документа 0_
a Язык текста rus
102 Страна публикации __
a Страна публикации RU
200 Заглавие и сведения об ответственности 1_
a Заглавие Выход в свет! Электрификация СССР
e Сведения, относящиеся к заглавию [об истории электрификации в СССР]
f Первые сведения об ответственности Н. Ловчинский
300 Общие примечания __
a Общие примечания 16+
461 Уровень набора _0
1 2000
a Дарья. Биография
463 Уровень физической единицы _0
1 2000
a № 2
v С. 30-31 : фот., ил.
1 2101
d 2026
1 001RU/CBS_UL/BASE/5745292b1ddd4125abeeaecd6b96289f
606 Тематические рубрики 0_
a Основная рубрика Электрификация России - История
610 Ключевые слова 0_
a Ключевые слова электрификация,электрификация СССР, история электрификации, план ГОЭРЛО
686 Индексы других классификаций __
2 Код системы rubbk
a Классификационный индекс 31.28
700 Автор _1
a Фамилия Ловчинский
b Имя (инициалы) Н.
801 Источник записи _0
a Страна RU
b Организация МБУК ЦБС г. Ульяновска
c Дата составления 20260314
g Правила каталогизации RCR
801 Источник записи _1
a Страна RU
b Организация МБУК ЦБС г. Ульяновска
c Дата составления 20260314
g Правила каталогизации RCR
901 Тип документа __
t Тип документа b
w Контрольный № источника RU/CBS_UL/BASE/5745292b1ddd4125abeeaecd6b96289f
909 Создатель записи __
a Создатель записи lib1